[Event "EU-Cup 36th"]
[Site "Struga"]
[Date "2021.09.23"]
[Round "6.2"]
[White "Kristensen, Kaare Hove"]
[Black "Andreasson, Ingvar"]
[Result "1-0"]
[WhiteElo "2336"]
[BlackElo "2331"]
[PlyCount "89"]
[EventDate "2021.09.18"]
[EventType "team-swiss"]
[EventRounds "7"]
[EventCountry "MKD"]
[SourceTitle "CBM 204 Extra"]
[Source "ChessBase"]
[SourceDate "2021.11.30"]
[SourceVersion "1"]
[SourceVersionDate "2021.11.30"]
[SourceQuality "1"]
[WhiteTeam "Nordkalotten"]
[BlackTeam "Pelaro Alingsas"]
[WhiteTeamCountry "DEN"]
[BlackTeamCountry "SWE"]

1. Nf3 Nf6 2. c4 g6 3. Nc3 Bg7 4. e4 d6 5. d4 0-0 6. Be2 e5 7. 0-0 Na6 8. d5 Nc5 9. Qc2 a5 10. Bg5 h6 11. Be3 b6 12. Nd2 Bg4 13. f3 Bd7 14. b3 Nh5 15. Rfe1 Bf6 16. g3 Bg5 17. Bf2 Ng7 18. Rad1 f5 19. a3 a4 20. b4 Nb3 21. Nxb3 axb3 22. Qxb3 fxe4 23. Nxe4 Ba4 24. Qd3 Bxd1 25. Bxd1 h5 26. Be2 Bh6 27. a4 Rf7 28. Kg2 Qd7 29. Ra1 Raf8 30. Bd1 Nf5 31. Ra2 h4 32. g4 h3+ 33. Kxh3 Ne3 34. Bxe3 Rxf3+ 35. Bxf3 Rxf3+ 36. Ng3 Qh7 37. Kg2 Rxe3 38. Qf1 Bf4 39. a5 bxa5 40. bxa5 Qh4 41. Qf2 Qxg4 42. a6 Bxg3 43. hxg3 Qe4+ 44. Kh2 g5 45. Qxe3 1-0

[Event "EU-Cup 36th"]
[Site "Struga"]
[Date "2021.09.20"]
[Round "3.2"]
[White "Ahlander, Bjorn"]
[Black "Andreasson, Ingvar"]
[Result "0-1"]
[WhiteElo "2383"]
[BlackElo "2331"]
[PlyCount "86"]
[EventDate "2021.09.18"]
[EventType "team-swiss"]
[EventRounds "7"]
[EventCountry "MKD"]
[SourceTitle "CBM 204 Extra"]
[Source "ChessBase"]
[SourceDate "2021.11.30"]
[SourceVersion "1"]
[SourceVersionDate "2021.11.30"]
[SourceQuality "1"]
[WhiteTeam "Lunds"]
[BlackTeam "Pelaro Alingsas"]
[WhiteTeamCountry "SWE"]
[BlackTeamCountry "SWE"]

1. d4 Nf6 2. c4 e6 3. Nf3 Bb4+ 4. Nc3 b6 5. Bg5 Bb7 6. e3 h6 7. Bh4 Bxc3+ 8. bxc3 d6 9. Bd3 Nbd7 10. 0-0 Qe7 11. Nd2 g5 12. Bg3 h5 13. h3 h4 14. Bh2 g4 15. hxg4 h3 16. g3 0-0-0 17. f3 d5 18. Re1 dxc4 19. Nxc4 Rhg8 20. Rb1 Rg5 21. Rb2 e5 22. Bf5 Rxf5 23. gxf5 e4 24. f4 Nc5 25. Ne5 Nd3 26. Nxd3 exd3 27. Qxd3 Ne4 28. c4 Qf6 29. Qe2 Qxf5 30. d5 Rg8 31. Qf3 Rg4 32. Rd1 c5 33. Kf1 Qg6 34. f5 Qg5 35. Ke1 Ba6 36. Rc2 Kd7 37. d6 Bb7 38. Rcd2 Bc6 39. Rd5 f6 40. R1d2 Nxd2 41. Kxd2 Rxc4 42. Kd3 Qg4 43. Qh1 Ra4 0-1

[Event "EU-Cup 36th"]
[Site "Struga"]
[Date "2021.09.18"]
[Round "1.11"]
[White "Andreasson, Ingvar"]
[Black "Demchenko, Anton"]
[Result "0-1"]
[WhiteElo "2331"]
[BlackElo "2610"]
[PlyCount "70"]
[EventDate "2021.09.18"]
[EventType "team-swiss"]
[EventRounds "7"]
[EventCountry "MKD"]
[SourceTitle "CBM 204 Extra"]
[Source "ChessBase"]
[SourceDate "2021.11.30"]
[SourceVersion "1"]
[SourceVersionDate "2021.11.30"]
[SourceQuality "1"]
[WhiteTeam "Pelaro Alingsas"]
[BlackTeam "Selfoss Skakfelag"]
[WhiteTeamCountry "SWE"]
[BlackTeamCountry "ISL"]

1. Nf3 Nf6 2. g3 g6 3. Bg2 Bg7 4. 0-0 0-0 5. c4 d6 6. Nc3 e5 7. d3 h6 8. Rb1 a5 9. a3 c6 10. b4 axb4 11. axb4 Be6 12. Bd2 Nbd7 13. Qc1 Kh7 14. e4 Ng8 15. Ra1 Rb8 16. Ra7 Ne7 17. Qa3 f5 18. exf5 Bxf5 19. Ne4 Nc8 20. Ra5 b6 21. Ra8 d5 22. cxd5 cxd5 23. Neg5+ Kh8 24. Rc1 hxg5 25. Rxb8 Nxb8 26. Nxg5 Bf6 27. h4 Qd6 28. Qa8 Ne7 29. Qb7 Kg8 30. b5 Rc8 31. Rxc8+ Bxc8 32. Qa8 Kg7 33. d4 exd4 34. h5 gxh5 35. Nh3 Ng6 0-1

[Event "SWE-chT 1920 Superettan"]
[Site "Sweden"]
[Date "2019.10.20"]
[Round "3"]
[White "Andreasson, Ingvar"]
[Black "Nordebrink, Johan"]
[Result "1-0"]
[WhiteElo "2329"]
[BlackElo "2117"]
[PlyCount "103"]
[EventDate "2019.10.18"]
[EventType "team-tourn"]
[EventRounds "9"]
[EventCountry "SWE"]
[SourceTitle "EXT 2023"]
[Source "ChessBase"]
[SourceDate "2022.10.05"]
[SourceVersion "1"]
[SourceVersionDate "2022.10.05"]
[SourceQuality "1"]
[WhiteTeam "Pelaro Alingsas"]
[BlackTeam "Vasteras II"]
[WhiteTeamCountry "SWE"]
[BlackTeamCountry "SWE"]

1. c4 Nf6 2. Nf3 e6 3. b3 d5 4. Bb2 c5 5. e3 Nc6 6. cxd5 exd5 7. Bb5 Bd7 8. 0-0 Bd6 9. d4 cxd4 10. Nxd4 0-0 11. Nc3 Re8 12. Nf3 Bg4 13. Be2 Rc8 14. h3 Bh5 15. Nb5 Be7 16. Rc1 Qd7 17. Nbd4 Ne4 18. Nxc6 bxc6 19. Qd3 Bc5 20. Nd4 Bg6 21. Qa6 Bb6 22. Nf3 Nc5 23. Qa3 Bd3 24. Bxd3 Nxd3 25. Rc2 c5 26. Ba1 Qf5 27. Rd2 c4 28. bxc4 dxc4 29. Bc3 Qe4 30. Qa6 Qc6 31. Rb1 Qg6 32. Rb5 h6 33. Nh4 Nc5 34. Qxc8 Rxc8 35. Nxg6 fxg6 36. Rc2 Rc6 37. Kf1 a6 38. Rb1 Ne4 39. Bd4 Ba5 40. Rb8+ Kf7 41. Rb7+ Ke6 42. Rxg7 Kd5 43. Re7 Bc7 44. Ke2 Bd6 45. Re8 Ng5 46. Bc3 Ne4 47. Bd4 Bc7 48. g4 Ng5 49. Rd2 Ne6 50. Bb6+ Ke5 51. Bxc7+ Rxc7 52. f4+ 1-0

[Event "SWE-chT 1819 Superettan"]
[Site "Sweden"]
[Date "2019.01.12"]
[Round "4"]
[White "Andreasson, Ingvar"]
[Black "Aronsson, Marten"]
[Result "0-1"]
[WhiteElo "2327"]
[BlackElo "2272"]
[PlyCount "94"]
[EventDate "2018.11.09"]
[EventType "team-tourn"]
[EventRounds "9"]
[EventCountry "SWE"]
[SourceTitle "EXT 2020"]
[Source "ChessBase"]
[SourceDate "2019.10.17"]
[SourceVersion "1"]
[SourceVersionDate "2019.10.17"]
[SourceQuality "1"]
[WhiteTeam "Alingsas"]
[BlackTeam "Kungstornet"]
[WhiteTeamCountry "SWE"]
[BlackTeamCountry "SWE"]

1. c4 c5 2. Nc3 Nc6 3. g3 g6 4. Bg2 Bg7 5. a3 a5 6. d3 e6 7. Nh3 Nge7 8. Nf4 d6 9. 0-0 0-0 10. Bd2 Rb8 11. Rb1 Bd7 12. Nb5 Be8 13. b4 axb4 14. axb4 Nxb4 15. Bxb4 cxb4 16. Rxb4 Bc6 17. e4 Qd7 18. Qb3 Rfc8 19. Na7 Rc7 20. Ne2 Ra8 21. Nb5 Bxb5 22. cxb5 Rac8 23. Qb1 Rc2 24. Nd4 R2c5 25. b6 Bxd4 26. Rxd4 e5 27. Rb4 Nc6 28. Ra4 Nd4 29. Rxd4 exd4 30. Qb4 Qb5 31. Qxd4 Qxb6 32. Bh3 Ra8 33. Kg2 Ra2 34. Qf6 Rcc2 35. d4 Rd2 36. Be6 fxe6 37. Qxe6+ Kf8 38. Qc8+ Ke7 39. Rc1 Rxf2+ 40. Kh3 Rxh2+ 41. Kg4 Rhc2 42. Rxc2 Rxc2 43. Qxc2 Qc6 44. Qb1 b5 45. d5 Qc4 46. Kg5 Qe2 47. Kh6 Kf7 0-1

[Event "SWE-chT 1819 Superettan"]
[Site "Sweden"]
[Date "2018.11.11"]
[Round "3"]
[White "Andersson, Tommy"]
[Black "Andreasson, Ingvar"]
[Result "1-0"]
[WhiteElo "2407"]
[BlackElo "2327"]
[PlyCount "67"]
[EventDate "2018.11.09"]
[EventType "team-tourn"]
[EventRounds "9"]
[EventCountry "SWE"]
[SourceTitle "EXT 2020"]
[Source "ChessBase"]
[SourceDate "2019.10.17"]
[SourceVersion "1"]
[SourceVersionDate "2019.10.17"]
[SourceQuality "1"]
[WhiteTeam "Burgsvik Alva"]
[BlackTeam "Alingsas"]
[WhiteTeamCountry "SWE"]
[BlackTeamCountry "SWE"]

1. d4 Nf6 2. c4 e6 3. Nf3 b6 4. g3 Ba6 5. Qa4 c6 6. Nc3 d5 7. cxd5 exd5 8. Bg2 Be7 9. Bf4 Bb7 10. Ne5 0-0 11. 0-0 a5 12. Rfd1 b5 13. Qc2 Na6 14. Rac1 Qb6 15. e4 Nb4 16. Qb1 Rad8 17. a3 Na6 18. exd5 cxd5 19. Qd3 Nc7 20. Bf1 Ne6 21. Qxb5 Qa7 22. Be3 Rd6 23. Qa4 Qb6 24. Qb5 Qa7 25. Qb3 Rb6 26. Qa2 a4 27. Bb5 Ne4 28. Nxd5 Bd8 29. Nxb6 Bxb6 30. Nxf7 Kxf7 31. Bd7 N4g5 32. Bxg5 Kg6 33. Qxe6+ Kxg5 34. h4+ 1-0

[Event "Gothenburg Kvibergspelen"]
[Site "Gothenburg"]
[Date "2017.05.07"]
[Round "7"]
[White "Andreasson, Ingvar"]
[Black "Ask, Josef"]
[Result "1-0"]
[WhiteElo "2356"]
[BlackElo "2138"]
[PlyCount "79"]
[EventDate "2017.05.05"]
[EventType "swiss"]
[EventRounds "8"]
[EventCountry "SWE"]
[SourceTitle "CBM 178 Extra"]
[Source "ChessBase"]
[SourceDate "2017.06.22"]
[SourceVersion "1"]
[SourceVersionDate "2017.06.22"]
[SourceQuality "1"]

1. c4 g6 2. Nc3 Bg7 3. g3 d6 4. Bg2 e5 5. d3 Nc6 6. Rb1 a5 7. a3 h6 8. e3 f5 9. Nge2 Nf6 10. b4 axb4 11. axb4 0-0 12. 0-0 g5 13. b5 Ne7 14. Qb3 Kh8 15. f4 Rb8 16. fxg5 hxg5 17. Bd2 Be6 18. Nd5 Nfxd5 19. cxd5 Bg8 20. Nc3 b6 21. Qd1 Qe8 22. e4 f4 23. Ra1 Rb7 24. Qg4 Bh6 25. h4 Qg6 26. Ne2 gxh4 27. Qxh4 Rf7 28. gxf4 Rh7 29. Qg3 Qxg3 30. Nxg3 exf4 31. Bc3+ Bg7 32. Bxg7+ Rxg7 33. Nh5 Rg5 34. Nxf4 Ng6 35. Nxg6+ Rxg6 36. Ra8 Kg7 37. Rf3 Bf7 38. Kf2 Rg5 39. Bh3 Bh5 40. Bc8 1-0

[Event "Gothenburg Kvibergspelen"]
[Site "Gothenburg"]
[Date "2017.05.06"]
[Round "5"]
[White "Andreasson, Ingvar"]
[Black "Petersson, Baldur Teodor"]
[Result "1/2-1/2"]
[WhiteElo "2356"]
[BlackElo "2094"]
[PlyCount "42"]
[EventDate "2017.05.05"]
[EventType "swiss"]
[EventRounds "8"]
[EventCountry "SWE"]
[SourceTitle "CBM 178 Extra"]
[Source "ChessBase"]
[SourceDate "2017.06.22"]
[SourceVersion "1"]
[SourceVersionDate "2017.06.22"]
[SourceQuality "1"]

1. b3 Nf6 2. Bb2 g6 3. Bxf6 exf6 4. c4 Bg7 5. Nc3 f5 6. g3 Bxc3 7. dxc3 Nc6 8. Bg2 Qf6 9. Qd2 0-0 10. Nh3 Ne5 11. Nf4 c6 12. h4 Ng4 13. 0-0 Qe7 14. Rfd1 Nf6 15. Qd6 Re8 16. Kf1 Kg7 17. Qxe7 Rxe7 18. Ke1 h6 19. a4 a5 20. Kd2 Ng4 21. Ke1 b6 1/2-1/2

[Event "Gothenburg Kvibergspelen"]
[Site "Gothenburg"]
[Date "2017.05.05"]
[Round "1"]
[White "Wallenas, Daniel"]
[Black "Andreasson, Ingvar"]
[Result "0-1"]
[WhiteElo "1855"]
[BlackElo "2356"]
[PlyCount "50"]
[EventDate "2017.05.05"]
[EventType "swiss"]
[EventRounds "8"]
[EventCountry "SWE"]
[SourceTitle "CBM 178 Extra"]
[Source "ChessBase"]
[SourceDate "2017.06.22"]
[SourceVersion "1"]
[SourceVersionDate "2017.06.22"]
[SourceQuality "1"]

1. c4 g6 2. Nc3 Bg7 3. d4 d6 4. e4 Nf6 5. f3 0-0 6. Be3 c5 7. dxc5 dxc5 8. Qxd8 Rxd8 9. Bxc5 Nc6 10. Rd1 Rxd1+ 11. Kxd1 Nd7 12. Ba3 e6 13. Bd3 Nde5 14. Ke2 b6 15. f4 Nxd3 16. Kxd3 Ba6 17. Nb5 Rd8+ 18. Nd6 e5 19. Nf3 exf4 20. Kc2 Ne5 21. Rd1 Ng4 22. Kc1 h6 23. b4 Ne3 24. Rd2 Nxc4 25. Nxc4 Rc8 0-1

[Event "SWE Cup"]
[Site "Sweden"]
[Date "2017.03.26"]
[Round "9.2"]
[White "Thorgeirsson, Sverrir"]
[Black "Andreasson, Ingvar"]
[Result "1-0"]
[WhiteElo "2278"]
[BlackElo "2363"]
[PlyCount "53"]
[EventDate "2017.01.14"]
[EventType "team-tourn"]
[EventRounds "9"]
[EventCountry "SWE"]
[SourceTitle "CBM 177 Extra"]
[Source "ChessBase"]
[SourceDate "2017.04.27"]
[SourceVersion "1"]
[SourceVersionDate "2017.04.27"]
[SourceQuality "1"]
[WhiteTeam "Upsala"]
[BlackTeam "Kamraterna"]
[WhiteTeamCountry "SWE"]
[BlackTeamCountry "SWE"]

1. d4 Nf6 2. c4 c5 3. d5 b5 4. cxb5 a6 5. bxa6 g6 6. Nc3 Bxa6 7. g3 d6 8. e4 Bxf1 9. Kxf1 Bg7 10. Kg2 0-0 11. Nf3 Nbd7 12. Qc2 Qb6 13. Rb1 e6 14. b3 exd5 15. exd5 Qb7 16. Rd1 Rfe8 17. a4 Nb6 18. Qd3 Re7 19. Bf4 Rae8 20. Nb5 Nbxd5 21. Nxd6 Nxf4+ 22. gxf4 Nh5 23. Nxb7 Nxf4+ 24. Kf1 Nxd3 25. Nd6 Nb2 26. Rd2 Rd8 27. Nf5 1-0

[Event "SWE Cup"]
[Site "Sweden"]
[Date "2017.03.24"]
[Round "7.3"]
[White "Akesson, Ralf"]
[Black "Andreasson, Ingvar"]
[Result "1-0"]
[WhiteElo "2412"]
[BlackElo "2363"]
[PlyCount "105"]
[EventDate "2017.01.14"]
[EventType "team-tourn"]
[EventRounds "9"]
[EventCountry "SWE"]
[SourceTitle "EXT 2018"]
[Source "ChessBase"]
[SourceDate "2017.10.13"]
[SourceVersion "1"]
[SourceVersionDate "2017.10.13"]
[SourceQuality "1"]
[WhiteTeam "Vasteras"]
[BlackTeam "Kamraterna"]
[WhiteTeamCountry "SWE"]
[BlackTeamCountry "SWE"]

1. d4 Nf6 2. c4 c5 3. d5 b5 4. cxb5 a6 5. bxa6 g6 6. Nc3 Bxa6 7. e4 Bxf1 8. Kxf1 d6 9. g3 Bg7 10. Kg2 0-0 11. Nf3 Nbd7 12. a4 Qb6 13. Qc2 Rfb8 14. Nb5 Ne8 15. Bd2 Nc7 16. Nxc7 Qxc7 17. Bc3 Qb7 18. Rhb1 Qb3 19. Qxb3 Rxb3 20. Nd2 Rbb8 21. a5 Rb5 22. Nc4 Ra6 23. Kf1 Ne5 24. Bxe5 Bxe5 25. Ra3 Bd4 26. Ke2 e6 27. f3 Kf8 28. Kd3 Ke7 29. b3 f5 30. Ra4 fxe4+ 31. fxe4 Ra8 32. b4 Rf8 33. Nd2 e5 34. bxc5 Rxc5 35. Rb7+ Kf6 36. Ra3 Rfc8 37. Rbb3 Rc1 38. a6 Bc5 39. Ra2 Kg5 40. h3 Rh1 41. Nf3+ Kh6 42. h4 Kh5 43. a7 Ra8 44. Rb7 Kg4 45. Ng5 Rg1 46. Ne6 Rxg3+ 47. Kc4 Bxa7 48. Raxa7 Rxa7 49. Rxa7 h5 50. Rd7 Re3 51. Rxd6 Kxh4 52. Nc5 g5 53. Rg6 1-0

[Event "Lund CellaVision Cup"]
[Site "Lund"]
[Date "2016.08.06"]
[Round "6"]
[White "Andreasson, Ingvar"]
[Black "Rahul, Kumar Pune"]
[Result "1-0"]
[WhiteElo "2364"]
[BlackElo "2184"]
[PlyCount "137"]
[EventDate "2016.08.05"]
[EventType "swiss"]
[EventRounds "8"]
[EventCountry "SWE"]
[SourceTitle "CBM 173 Extra"]
[Source "ChessBase"]
[SourceDate "2016.08.29"]
[SourceVersion "1"]
[SourceVersionDate "2016.08.29"]
[SourceQuality "1"]

1. Nf3 d6 2. c4 g6 3. Nc3 Bg7 4. g3 e5 5. Bg2 Nc6 6. d3 Nf6 7. 0-0 0-0 8. Rb1 Nh5 9. b4 h6 10. b5 Ne7 11. a4 f5 12. Qb3 Be6 13. Nd2 Rb8 14. a5 Nf6 15. Ba3 Qd7 16. Nd5 g5 17. b6 axb6 18. axb6 c6 19. Nc7 Bf7 20. Qb4 Rfd8 21. Nf3 Ng6 22. Bb2 g4 23. Nd2 h5 24. Ra1 Bf8 25. Ra7 Ne8 26. Qa5 d5 27. Na6 Rbc8 28. Nc5 Bxc5 29. Qxc5 Rb8 30. f4 exf4 31. cxd5 Bxd5 32. gxf4 Bxg2 33. Kxg2 Qe6 34. Rf2 Rd5 35. Qc3 Qe3 36. Nc4 Qh3+ 37. Kg1 h4 38. Ne5 g3 39. hxg3 hxg3 40. Nxg6 gxf2+ 41. Kxf2 Qh2+ 42. Kf1 Qh1+ 43. Kf2 Qh2+ 44. Kf1 Qh1+ 45. Kf2 Qh2+ 46. Kf1 Qh7 47. Ne5 Qh1+ 48. Kf2 Qh4+ 49. Ke3 Nf6 50. Qc4 Re8 51. Rxb7 Ng4+ 52. Kd2 Nxe5 53. Bxe5 Rexe5 54. Rc7 Re4 55. Rc8+ Kf7 56. Rc7+ Kg8 57. Rc8+ Kf7 58. Rc7+ Kg8 59. Rc8+ Kh7 60. Rc7+ Kg8 61. Rc8+ Kh7 62. Rc7+ Re7 63. b7 Rxd3+ 64. Kxd3 Qg3+ 65. Kc2 Rxc7 66. b8Q Re7 67. Qf8 Rg7 68. Qxf5+ Kh8 69. Qh5+ 1-0

[Event "SWE-chT 1516 Superettan"]
[Site "Sweden"]
[Date "2016.03.19"]
[Round "8"]
[White "Burwick, Malte"]
[Black "Andreasson, Ingvar"]
[Result "1-0"]
[WhiteElo "2228"]
[BlackElo "2353"]
[PlyCount "66"]
[EventDate "2015.11.06"]
[EventType "team-tourn"]
[EventRounds "9"]
[EventCountry "SWE"]
[SourceTitle "EXT 2018"]
[Source "ChessBase"]
[SourceDate "2017.10.13"]
[SourceVersion "1"]
[SourceVersionDate "2017.10.13"]
[SourceQuality "1"]
[WhiteTeam "Upsala"]
[BlackTeam "Kamraterna"]
[WhiteTeamCountry "SWE"]
[BlackTeamCountry "SWE"]

1. Nf3 c5 2. g3 g6 3. Bg2 Bg7 4. 0-0 Nc6 5. c4 h5 6. Nc3 Nh6 7. e3 Nf5 8. h3 0-0 9. a3 a6 10. b4 cxb4 11. axb4 Nxb4 12. d4 Nc6 13. Qe2 d6 14. Bd2 Bd7 15. Rfb1 Rb8 16. Qf1 e6 17. Ne4 b5 18. g4 hxg4 19. hxg4 Nh6 20. g5 Nf5 21. d5 Ne5 22. Nxe5 dxe5 23. Ba5 Qc8 24. d6 Qxc4 25. Qxc4 bxc4 26. Rxb8 Rxb8 27. Nc5 Bb5 28. Bc7 Rc8 29. Bb7 Nxd6 30. Bxd6 e4 31. Bxc8 Bxa1 32. Bxa6 Bxa6 33. Nxa6 Bb2 1-0

[Event "SWE-chT 1516 Superettan"]
[Site "Sweden"]
[Date "2015.11.06"]
[Round "1"]
[White "Andreasson, Ingvar"]
[Black "Steneskog, Per"]
[Result "1-0"]
[WhiteElo "2353"]
[BlackElo "2198"]
[PlyCount "41"]
[EventDate "2015.11.06"]
[EventType "team-tourn"]
[EventRounds "9"]
[EventCountry "SWE"]
[SourceTitle "EXT 2018"]
[Source "ChessBase"]
[SourceDate "2017.10.13"]
[SourceVersion "1"]
[SourceVersionDate "2017.10.13"]
[SourceQuality "1"]
[WhiteTeam "Kamraterna"]
[BlackTeam "Solna"]
[WhiteTeamCountry "SWE"]
[BlackTeamCountry "SWE"]

1. Nf3 d5 2. g3 c5 3. Bg2 Nc6 4. 0-0 Bg4 5. h3 Bh5 6. c4 e6 7. cxd5 exd5 8. d4 h6 9. dxc5 Bxc5 10. Qb3 Bb6 11. Be3 Bxe3 12. Qxe3+ Qe7 13. Qb3 Nf6 14. Nc3 0-0-0 15. Rfd1 d4 16. Nb5 Qxe2 17. g4 Bg6 18. Nfxd4 Nxd4 19. Nxd4 Qa6 20. Rac1+ Kd7 21. Nc6+ 1-0

[Event "Gothenburg Manhem-B"]
[Site "Gothenburg"]
[Date "2015.08.10"]
[Round "4"]
[White "Berggren Torell, Harald"]
[Black "Andreasson, Ingvar"]
[Result "1/2-1/2"]
[WhiteElo "2176"]
[BlackElo "2356"]
[PlyCount "67"]
[EventDate "2015.08.08"]
[EventType "tourn"]
[EventRounds "9"]
[EventCountry "SWE"]
[EventCategory "5"]
[SourceTitle "CBM 167 Extra"]
[Source "ChessBase"]
[SourceDate "2015.09.14"]
[SourceVersion "1"]
[SourceVersionDate "2015.09.14"]
[SourceQuality "1"]

1. e4 c5 2. Nf3 e6 3. d4 cxd4 4. Nxd4 a6 5. Nc3 Ne7 6. Be3 Nec6 7. f4 b5 8. Nb3 d6 9. Bd3 Be7 10. 0-0 Nd7 11. a4 b4 12. Ne2 0-0 13. Qd2 Bb7 14. Ng3 g6 15. Qf2 Bf6 16. Rab1 Bg7 17. Kh1 a5 18. Rfd1 Qe7 19. Ne2 e5 20. Nd2 exf4 21. Nxf4 Nce5 22. h3 Nf6 23. Bd4 Bc6 24. b3 Qb7 25. Re1 Rfe8 26. Nc4 Nxc4 27. Bxf6 Ne5 28. Bxg7 Kxg7 29. Re3 Qa7 30. Rbe1 Rac8 31. Nh5+ Kf8 32. Nf6 Re6 33. Nxh7+ Kg7 34. Ng5 1/2-1/2

[Event "SWE-chT 1415 Superettan"]
[Site "Sweden"]
[Date "2014.11.21"]
[Round "1"]
[White "Wickstrom, Lucas"]
[Black "Andreasson, Ingvar"]
[Result "0-1"]
[WhiteElo "2340"]
[BlackElo "2350"]
[PlyCount "65"]
[EventDate "2014.11.21"]
[EventType "team-tourn"]
[EventRounds "9"]
[EventCountry "SWE"]
[SourceTitle "EXT 2018"]
[Source "ChessBase"]
[SourceDate "2017.10.13"]
[SourceVersion "1"]
[SourceVersionDate "2017.10.13"]
[SourceQuality "1"]
[WhiteTeam "Umea Rockaden"]
[BlackTeam "Kamraterna"]
[WhiteTeamCountry "SWE"]
[BlackTeamCountry "SWE"]

1. d4 Nf6 2. c4 e6 3. Nf3 b6 4. g3 Ba6 5. Qc2 Bb4+ 6. Bd2 Be7 7. Bg2 c6 8. c5 0-0 9. Ne5 Nd5 10. e4 Nc7 11. Be3 d6 12. cxd6 Bxd6 13. Nxc6 Nxc6 14. Qxc6 Bb4+ 15. Nd2 Bb5 16. Qc2 Rc8 17. Qb3 Ba5 18. Bf1 Bc6 19. Bd3 e5 20. dxe5 Nd5 21. Ke2 Nxe3 22. Kxe3 Bxd2+ 23. Kxd2 Qd4 24. Ke2 Bxe4 25. Rhd1 Qxe5 26. Kf1 Bb7 27. Kg1 h5 28. Re1 Qc5 29. Be4 Bxe4 30. Rxe4 Qc2 31. Qxc2 Rxc2 32. Ra4 Re8 33. Rxa7 0-1

[Event "Lidkoping op"]
[Site "Lidkoping"]
[Date "2013.08.31"]
[Round "2"]
[White "Johansson, Mikael1111"]
[Black "Andreasson, Ingvar"]
[Result "1/2-1/2"]
[WhiteElo "2077"]
[BlackElo "2335"]
[PlyCount "43"]
[EventDate "2013.08.31"]
[EventType "swiss"]
[EventRounds "7"]
[EventCountry "SWE"]
[SourceTitle "CBM 156 Extra"]
[Source "ChessBase"]
[SourceDate "2013.10.22"]
[SourceVersion "1"]
[SourceVersionDate "2013.10.22"]
[SourceQuality "1"]

1. d4 Nf6 2. c4 e6 3. Nf3 b6 4. a3 a5 5. g3 Ba6 6. Qc2 c5 7. Bg2 Nc6 8. d5 exd5 9. cxd5 Nxd5 10. 0-0 Be7 11. Rd1 Nc7 12. Bf4 Ne6 13. Nc3 Rc8 14. Ne5 Ncd4 15. Qe4 0-0 16. e3 Nxf4 17. gxf4 Nb3 18. Rab1 Rc7 19. Bh3 c4 20. Nxd7 Bb7 21. Nd5 Bd6 22. Qf5 1/2-1/2

[Event "Norrkoeping Easter op"]
[Site "Norrkoeping"]
[Date "2013.03.31"]
[Round "7"]
[White "Andreasson, Ingvar"]
[Black "Ulybin, Mikhail"]
[Result "0-1"]
[WhiteElo "2331"]
[BlackElo "2521"]
[PlyCount "90"]
[EventDate "2013.03.29"]
[EventType "swiss"]
[EventRounds "8"]
[EventCountry "SWE"]
[SourceTitle "CBM 153 Extra"]
[Source "ChessBase"]
[SourceDate "2013.04.22"]
[SourceVersion "1"]
[SourceVersionDate "2013.04.22"]
[SourceQuality "1"]

1. e4 e6 2. d3 d5 3. Nd2 c5 4. Ngf3 Nc6 5. g3 g6 6. Bg2 Bg7 7. 0-0 Nge7 8. Re1 0-0 9. c3 e5 10. exd5 Nxd5 11. Nc4 Re8 12. a4 h6 13. a5 Bf5 14. Nh4 Be6 15. Nf3 Bf5 16. Nh4 Be6 17. Nf3 Qc7 18. Qa4 Rad8 19. a6 b6 20. Na3 Bf5 21. Nb5 Qd7 22. Bf1 Nc7 23. Nd2 Nxb5 24. Qxb5 Qc7 25. Ne4 Bd7 26. Qb3 Be6 27. Qc2 Na5 28. Rxa5 bxa5 29. Be3 c4 30. dxc4 Bxc4 31. Nc5 Bxf1 32. Rxf1 Bf8 33. Nb7 Rd5 34. Qa4 Re6 35. c4 Rd3 36. Qb5 Qc6 37. Ra1 Qxa6 38. Rxa5 Rd1+ 39. Kg2 Qc6+ 40. Qxc6 Rxc6 41. b3 a6 42. Rxe5 Re6 43. Rxe6 fxe6 44. c5 Kf7 45. Kf3 Rd3 0-1

[Event "Norrkoeping Easter op"]
[Site "Norrkoeping"]
[Date "2013.03.30"]
[Round "4"]
[White "Hillarp Persson, Tiger"]
[Black "Andreasson, Ingvar"]
[Result "1-0"]
[WhiteElo "2527"]
[BlackElo "2331"]
[PlyCount "97"]
[EventDate "2013.03.29"]
[EventType "swiss"]
[EventRounds "8"]
[EventCountry "SWE"]
[SourceTitle "CBM 153 Extra"]
[Source "ChessBase"]
[SourceDate "2013.04.22"]
[SourceVersion "1"]
[SourceVersionDate "2013.04.22"]
[SourceQuality "1"]

1. d4 Nf6 2. c4 e6 3. Nc3 Bb4 4. e3 0-0 5. a3 Bxc3+ 6. bxc3 b6 7. Bd3 Bb7 8. f3 d5 9. cxd5 exd5 10. Ne2 c5 11. 0-0 Re8 12. Ng3 Nc6 13. Ra2 a5 14. Rb2 Ba6 15. Bxa6 Rxa6 16. Qd3 c4 17. Qb1 Na7 18. e4 b5 19. e5 Nd7 20. f4 b4 21. axb4 a4 22. f5 Nb5 23. Bd2 a3 24. Ra2 f6 25. e6 Nb6 26. Nh5 Nc8 27. Qd1 Ra7 28. Qg4 Kf8 29. Nf4 Ke7 30. Qxg7+ Kd6 31. Qg3 Kc6 32. Qe3 Nb6 33. Re1 Rg7 34. Nh5 Rgg8 35. h3 Qe7 36. Qf2 Ra8 37. Qh4 Rgf8 38. Re3 Nd6 39. Qf2 Kb5 40. g4 Kc6 41. Qf3 Nb5 42. Be1 Rg8 43. Bh4 Raf8 44. Qd1 h6 45. Kh1 Rg5 46. Nf4 Rgg8 47. Qf3 Re8 48. Re5 Qd8 49. Bxf6 1-0

[Event "SWE-chT2 1213"]
[Site "Sweden"]
[Date "2012.12.01"]
[Round "3"]
[White "Andreasson, Ingvar"]
[Black "Enstrom, Henrik"]
[Result "1-0"]
[WhiteElo "2331"]
[BlackElo "2108"]
[PlyCount "61"]
[EventDate "2012.10.20"]
[EventType "team-tourn"]
[EventRounds "9"]
[EventCountry "SWE"]
[SourceTitle "EXT 2015"]
[Source "ChessBase"]
[SourceDate "2014.11.20"]
[SourceVersion "1"]
[SourceVersionDate "2014.11.20"]
[SourceQuality "1"]
[WhiteTeam "Kamraterna"]
[BlackTeam "Majorna"]
[WhiteTeamCountry "SWE"]
[BlackTeamCountry "SWE"]

1. e4 d6 2. d4 Nf6 3. Nc3 g6 4. Nf3 Bg7 5. h3 c6 6. a4 0-0 7. a5 Qc7 8. Be3 e5 9. dxe5 dxe5 10. Bc4 Qe7 11. 0-0 Be6 12. Bxe6 Qxe6 13. Bc5 Re8 14. Qe2 Na6 15. Ng5 Qc8 16. Bd6 h6 17. Nf3 Qe6 18. Rfd1 Rad8 19. Ba3 Nh5 20. Qe3 f5 21. Qxa7 Qf7 22. Qb6 Ra8 23. Bd6 Nf4 24. Qb3 Re6 25. Rd2 g5 26. Rad1 g4 27. hxg4 fxg4 28. Nh4 Bf8 29. Nf5 Nc5 30. Qc4 Rxa5 31. Bxf8 1-0